Normal view
MARC view
Entry Término temático
001 - NÚMERO DE CONTROL
- campo de control: 166432
003 - IDENTIFICADOR DEL NÚMERO DE CONTROL
- campo de control: OSt
005 - FECHA Y HORA DE LA ÚLTIMA TRANSACCIÓN
- campo de control: 20220127160937.0
008 - DATOS DE LONGITUD FIJA
- campo de control de longitud fija: 220127|| aca||aabn | a|a d
040 ## - FUENTE DE LA CATALOGACIÓN
- Centro catalogador/agencia de origen: OSt
- Centro/agencia transcriptor: OSt
150 ## - ENCABEZAMIENTO--TÉRMINO DE MATERIA
- Término de materia o nombre geográfico como elemento de entrada: Sorgo
- Subdivisión general: Enfermedades Sorgo
- Subdivisión general: Variedades resistentes a enfermedades Fusarium moniliforme Macrophomina phaseoli Pudrición de la raíz
- Subdivisión general: Sorgo Pudrición del tallo del sorgo
670 ## - FUENTE DE DATOS ENCONTRADOS
- Cita de la fuente: Work cat.: (OSt)201505: Ríos Vargas, Gilberto 99251, Etiología y resistencia varietal del sorgo (Sorghum bicolor Moench) a la pudrición del tallo y raíz /
